[Event "5th Classic Open 2013"]
[Site "London ENG"]
[Date "2013.12.09"]
[Round "3.39"]
[White "Grove,Michael"]
[Black "Chapman,T"]
[Result "0-1"]
[WhiteElo "2091"]
[BlackElo "2309"]

1.e4 d6 2.d4 Nf6 3.Nc3 e5 4.Nf3 Nbd7 5.Bc4 Be7 6.O-O O-O 7.h3 c6 8.Bb3 b5
9.a3 a6 10.Qe2 Qc7 11.Rd1 Bb7 12.d5 c5 13.Ba2 c4 14.Be3 Nc5 15.Nd2 Rac8 16.b4 cxb3
17.cxb3 Ncd7 18.Rac1 Qa5 19.Ncb1 Rxc1 20.Rxc1 Rc8 21.Qd1 Qd8 22.Nc3 Qa5 23.Ncb1 Qd8
24.Nc3 Ne8 25.Rc2 Bg5 26.Nf1 Bxe3 27.Nxe3 g6 28.Ne2 Nef6 29.Ng3 h5 30.h4 Nc5
31.Bb1 Rb8 32.Rc1 Ne8 33.b4 Na4 34.Bd3 Qxh4 35.Be2 Qg5 36.Ngf1 Rc8 37.Rxc8 Bxc8
38.Qc1 Bd7 39.Qc2 Qd8 40.Nd2 Qc8 41.Qxc8 Bxc8 42.Nb3 Kg7 43.Na5 Kh6 44.Nc6 Kg5
45.g3 f5 46.f3 Nc3 47.Bd3 fxe4  0-1

[Event "5th Classic Open 2013"]
[Site "London ENG"]
[Date "2013.12.10"]
[Round "4.45"]
[White "Shepley,J"]
[Black "Berry,N"]
[Result "1-0"]
[WhiteElo "1986"]
[BlackElo "2242"]

1.e4 d6 2.d4 Nf6 3.Nc3 e5 4.Nf3 Nbd7 5.g3 Be7 6.Bg2 c6 7.a4 O-O 8.O-O Re8
9.Re1 Bf8 10.a5 Qc7 11.h3 g6 12.b3 Bg7 13.Bb2 Nf8 14.dxe5 dxe5 15.Na4 N6d7
16.Qd2 b5 17.axb6 axb6 18.Qc3 Ne6 19.Qe3 b5 20.Nc3 Bb7 21.Ne2 c5 22.Nc3 Nd4
23.Qd3 b4 24.Nd5 Bxd5 25.exd5 Rxa1 26.Bxa1 Nxf3+ 27.Qxf3 e4 28.Qd1 Bxa1 29.Qxa1 e3
30.f4 Qd6 31.c4 g5 32.Qd1 gxf4 33.Qg4+ Kf8 34.Qxf4 Qxf4 35.gxf4 Nf6 36.Bf3 Kg7
37.Kg2 Kg6 38.Bg4 h5 39.Bd1 Kf5 40.Kf3 Nd7 41.Rxe3 Rxe3+ 42.Kxe3 Kg6 43.Kf3 f5
44.Kg3 Nf6 45.Bf3 Ne8 46.Kh4 Nd6 47.Bxh5+ Kh6 48.Bf3 Kg6 49.Kg3 Kf6 50.h4 Nf7
51.h5 Nd6 52.Kh4 Nf7 53.Bd1 Nh6 54.Be2 Nf7 55.Bf3 Nd6 56.h6 Kg6 57.h7 Kxh7
58.Kg5 Kg7 59.Bd1 Kf7 60.Bc2 Kg7 61.Bxf5 Nf7+ 62.Kh4 Kf6 63.Bd3 Nd6 64.Kh5 Nf7
65.Bg6 Nd6 66.Kh6 Nb7 67.Kh7 Nd6 68.Bd3 Kf7 69.Bc2 Nb7 70.Bf5 Nd6 71.Be6+ Kf6
72.Bd7 Kf7 73.f5 Ne4 74.Be6+ Kf6 75.Kg8 Nd6 76.Kf8 Nxc4 77.bxc4 b3 78.d6 b2
79.d7 b1=Q 80.d8=Q+ Ke5 81.Qc7+ Ke4 82.Bd5+ Kd4 83.Qf4+ Kc3 84.Qg3+ Kd4 85.Qg7+ Kd3
86.f6 Qb8+ 87.Kf7 Qf4 88.Qg6+ Kc3 89.Kg7 Qe5 90.Kh7 Qc7+ 91.f7 Kd4 92.Qg7+  1-0

[Event "Pavlodar Open 2013"]
[Site "Pavlodar KAZ"]
[Date "2013.12.11"]
[Round "2.2"]
[White "Davletbayeva,M"]
[Black "Solak,D"]
[Result "0-1"]
[WhiteElo "2280"]
[BlackElo "2618"]

1.e4 d6 2.d4 Nf6 3.Nc3 e5 4.Nge2 Be7 5.g3 c6 6.Bg2 b5 7.a3 Bb7 8.O-O a5 9.h3 h5
10.f4 Nbd7 11.Be3 O-O 12.d5 b4 13.dxc6 Bxc6 14.Nd5 Nxd5 15.exd5 Bb5 16.Rf2 Bf6
17.fxe5 Bxe2 18.Qxe2 Bxe5 19.axb4 axb4 20.Rxa8 Qxa8 21.Rf1 Nf6 22.Bg5 Re8
23.Qd1 Bxb2 24.Bxf6 Bxf6 25.Qxh5 Qc8 26.Qd1 Re3 27.Kh2 Qe8 28.Qg4 Bc3 29.Rf3 Re2
30.Rf4 Rxc2 31.Re4 Be5 32.Rxb4 Rc3 33.Bf3 g6 34.Kg2 Rc2+ 35.Kh1 f5 36.Qg5 Bf6  0-1

[Event "SportAccord Rapid Men 2013"]
[Site "Beijing CHN"]
[Date "2013.12.12"]
[Round "4.4"]
[White "Kamsky,G"]
[Black "Ivanchuk,V"]
[Result "1-0"]
[WhiteElo "2721"]
[BlackElo "2731"]

1.d4 d6 2.e4 Nf6 3.Nc3 e5 4.Nf3 Nbd7 5.Bc4 Be7 6.O-O O-O 7.a4 c6 8.Re1 a5
9.h3 Nb6 10.Bf1 exd4 11.Nxd4 d5 12.e5 Ne8 13.Nce2 f6 14.e6 Nc7 15.Ng3 Re8
16.Bd3 g6 17.Qg4 Kh8 18.Ngf5 Bf8 19.Nh4 Re7 20.Nxg6+ hxg6 21.Bxg6  1-0

[Event "Pavlodar Open 2013"]
[Site "Pavlodar KAZ"]
[Date "2013.12.12"]
[Round "4.3"]
[White "Aitbayev,A"]
[Black "Zablotsky,S"]
[Result "1/2-1/2"]
[WhiteElo "2406"]
[BlackElo "2522"]

1.e4 d6 2.d4 Nf6 3.Nc3 e5 4.Nf3 Nbd7 5.Bc4 Be7 6.O-O O-O 7.Re1 c6 8.a4 b6
9.Ba2 a6 10.h3 Rb8 11.Be3 b5 12.axb5 axb5 13.b4 Qc7 14.Qd3 Nb6 15.dxe5 dxe5
16.Bc5 Rd8 17.Qe3 h6 18.Red1 Rxd1+ 19.Rxd1 Nc4 20.Bxc4 bxc4 21.Ra1 Bd8 22.Qd2 Be7
23.Ra7 Rb7 24.Ra8 Bxc5 25.bxc5 Rb8 26.Rxb8 Qxb8 27.Qd8+ Kh7 28.Kh2 Qb2 29.Qxc8 Qxc3
30.Qf5+ Kg8 31.Nxe5 Qxc2 32.f3 c3 33.Qc8+ Kh7 34.Nxf7 Kg6 35.Nd8 Kh7 36.Qf5+ Kg8
37.Qe6+ Kh7 38.Qf5+ Kg8 39.Qe6+ Kh7  1/2-1/2

[Event "Pavlodar Open 2013"]
[Site "Pavlodar KAZ"]
[Date "2013.12.12"]
[Round "4.10"]
[White "Zhigalko,A"]
[Black "Dusentegi,Tanat"]
[Result "1-0"]
[WhiteElo "2628"]
[BlackElo "2201"]

1.e4 d6 2.d4 Nf6 3.Nc3 e5 4.Nf3 Nbd7 5.Bc4 Be7 6.O-O O-O 7.a4 c6 8.Re1 Qc7
9.b3 Nb6 10.Be2 Bg4 11.h3 Bxf3 12.Bxf3 Nfd7 13.a5 Nc8 14.d5 c5 15.g3 a6 16.Qe2 Bd8
17.Nd1 Ne7 18.Ne3 f5 19.Nxf5 Nxf5 20.exf5 Rxf5 21.Bg4 Rf8 22.Bd2 Kh8 23.Be6 Be7
24.h4 Rae8 25.Ra4 Bd8 26.Rc4 Bf6 27.Qg4 b5 28.axb6 Nxb6 29.Rce4 Qb7 30.c4 Ra8
31.Ra1 Nc8 32.Ra3 Ne7 33.Kg2 Ng8 34.Re1 Bd8 35.Bxg8 Kxg8 36.Qe6+ Qf7 37.Rea1 a5
38.Qxf7+ Rxf7 39.Bxa5 Bf6 40.Bd2 Rxa3 41.Rxa3 Rb7 42.Kf3 Kf7 43.b4 cxb4 44.Rb3 Ke8
45.Rxb4 Rc7 46.Ke4 Kd7 47.h5 Bd8 48.Be3 Ke8 49.Ra4 Rc8 50.Kf5 Kf7 51.Ra7+ Kf8
52.Ke6 Bf6 53.h6 Kg8 54.g4  1-0

[Event "Pavlodar Open 2013"]
[Site "Pavlodar KAZ"]
[Date "2013.12.13"]
[Round "5.16"]
[White "Vokarev,S"]
[Black "Nyshanbayev,B"]
[Result "1-0"]
[WhiteElo "2464"]
[BlackElo "2147"]

1.e4 d6 2.d4 Nf6 3.Nc3 e5 4.Nf3 Nbd7 5.Bc4 Be7 6.O-O O-O 7.Re1 c6 8.a4 a5
9.Ba2 exd4 10.Nxd4 Nc5 11.h3 Be6 12.Qf3 Qb6 13.Nf5 Rfe8 14.Nxe7+ Rxe7 15.Bg5 Bxa2
16.Bxf6 gxf6 17.Rxa2 Re6 18.Qg4+ Kh8 19.Qh5 Qc7 20.Re3 Qe7 21.Rg3 Nxe4 22.Nxe4 Rxe4
23.Qh6 Rg8 24.Rxg8+ Kxg8 25.Ra3  1-0

[Event "Bundesliga 2013-14"]
[Site "Berlin GER"]
[Date "2013.12.14"]
[Round "5"]
[White "Jaracz,P"]
[Black "Thiede,L"]
[Result "1/2-1/2"]
[WhiteElo "2502"]
[BlackElo "2450"]

1.e4 d6 2.d4 Nf6 3.Nc3 e5 4.Nf3 Nc6 5.Bb5 Bd7 6.O-O Be7 7.Re1 exd4 8.Nxd4 Nxd4
9.Bxd7+ Nxd7 10.Qxd4 Bf6 11.Qb4 Qc8 12.Nd5 O-O 13.Nxf6+ Nxf6 14.e5 dxe5 15.Rxe5 Re8
16.Rxe8+ Qxe8 17.Bg5 Qe4 18.Qxe4 Nxe4 19.Bf4 c6 20.Rd1 h6 21.Kf1 Nf6 22.Be5 Nd5
23.c4 Nb6 24.b3 Re8 25.Bf4 f6 26.Be3 Kf7 27.a4 Re5 28.Bd4 Re6 29.Bxb6 axb6
30.Rd7+  1/2-1/2

[Event "Bundesliga 2013-14"]
[Site "Bremen GER"]
[Date "2013.12.14"]
[Round "5"]
[White "Areshchenko,A"]
[Black "Berkes,F"]
[Result "1-0"]
[WhiteElo "2714"]
[BlackElo "2673"]

1.e4 d6 2.d4 Nf6 3.Nc3 e5 4.Nf3 Nbd7 5.Bc4 exd4 6.Qxd4 Be7 7.O-O O-O 8.h3 Nb6
9.Bd3 Nfd7 10.Bf4 Bf6 11.Qe3 Ne5 12.Nxe5 dxe5 13.Bg3 c6 14.a4 Be6 15.a5 Nd7
16.Rfd1 Qe7 17.Bf1 Rfd8 18.Qe1 b5 19.axb6 axb6 20.f3 Qf8 21.Bf2 b5 22.Be3 Be7
23.Qf2 h6 24.Ne2 Rxa1 25.Rxa1 Ra8 26.Rxa8 Qxa8 27.Nc1 Qa1 28.Nd3 c5 29.c3 b4
30.cxb4 cxb4 31.Qe1 Qa4 32.Qc1 Kh7 33.f4 b3 34.Nxe5 Nxe5 35.fxe5 Qxe4 36.Qc3 g6
37.Qd4 Qb1 38.Kf2 Qc2+ 39.Kg3 Kg7 40.Bd3 Qd1 41.Kh2 Qe1 42.Bf2 Qa5 43.Be3 Qc7
44.Kg1 Kh7 45.Qf4 Bf8 46.Bd4 Qd8 47.Be2 h5 48.Bc3 Bh6 49.Qd4 Qg5 50.Kf2 Qf5+
51.Bf3 Bf4 52.Be4 Qg5 53.Bd5 Qg3+ 54.Ke2 Bc1 55.Bf3 Bh6 56.Bd5 Bg7 57.Kf1 Bh6
58.Ke2 Bc1 59.Qe4 Bh6 60.Bxe6 fxe6 61.Be1 Qg5 62.Bc3 Bg7 63.Kd3 Qc1 64.Kc4 Qc2
65.Qb7 Kh6 66.Qf3 Kh7 67.Kb4 Kg8 68.Ka4 Bxe5 69.Qa8+ Kf7 70.Qb7+ Kf6 71.Qf3+ Qf5
72.Kxb3 h4 73.Bxe5+ Kxe5 74.Kc3 Kd6 75.b4 e5 76.Qd3+ Ke7 77.b5 e4 78.Qd4 Qxb5
79.Qxe4+ Kf8 80.Qxg6 Qd5 81.Qg4 Qc5+ 82.Kd3 Qd5+ 83.Ke3 Qe5+ 84.Qe4 Qc3+
85.Kf4 Qd2+ 86.Kg4 Qb2 87.Kxh4 Qf6+ 88.Kg3 Qb6 89.Qg4 Qg1 90.h4 Qe1+ 91.Kh2 Qe5+
92.Kh3 Qa1 93.h5 Qh1+ 94.Kg3 Qe1+ 95.Kh2 Qc1 96.Qg3 Qc5 97.Qg6 Qe5+ 98.Kh3 Qe3+
99.Qg3 Qc1 100.Kh4 Qh1+ 101.Kg5 Qa1 102.Qd6+ Kf7 103.Qc7+ Ke6 104.Qc4+ Ke7
105.Qc5+ Kf7 106.Qf5+ Ke7 107.h6 Qc1+ 108.Qf4 Qc5+ 109.Kh4 Qc2 110.Qe5+ Kf7
111.Qg7+ Ke6 112.h7 Qf2+ 113.Kh3 Qe3+ 114.Kh2 Qf4+ 115.Qg3  1-0

[Event "ch-European Rapid 2013"]
[Site "Warsaw POL"]
[Date "2013.12.14"]
[Round "1.43"]
[White "Nadal Tur,Antonio"]
[Black "Pakleza,Z"]
[Result "0-1"]
[WhiteElo "1722"]
[BlackElo "2490"]

1.e4 d6 2.d4 Nf6 3.Nc3 c6 4.Bd3 e5 5.Nf3 Nbd7 6.Bg5 Be7 7.O-O O-O 8.Re1 b5
9.dxe5 dxe5 10.h3 Re8 11.Nh4 h6 12.Be3 Nc5 13.Nf5 Bxf5 14.exf5 Nxd3 15.cxd3 Qd7
16.Qf3 b4 17.Ne4 Qxd3 18.Nxf6+ Bxf6 19.Qxc6 Qxf5 20.Rad1 a5 21.a3 Rec8 22.Qb5 Rcb8
23.Qc6 bxa3 24.bxa3 a4 25.Rd6 Be7 26.Rd7 Bxa3 27.Ra1 Rc8 28.Qb5 Bf8 29.Rxa4 Qe6
30.Rda7 Rab8 31.Qe2 Rb1+ 32.Kh2 Rcb8 33.R4a6 Qf5 34.Qc4 e4 35.Ra5 Bd6+ 36.g3 Qf3  0-1

[Event "ch-European Rapid 2013"]
[Site "Warsaw POL"]
[Date "2013.12.14"]
[Round "3.12"]
[White "Stetsko,L"]
[Black "Perunovic,Mil"]
[Result "0-1"]
[WhiteElo "2245"]
[BlackElo "2622"]

1.e4 d6 2.d4 Nf6 3.Nc3 e5 4.Nf3 Nbd7 5.Bc4 Be7 6.O-O O-O 7.a4 c6 8.Re1 exd4
9.Nxd4 Ne5 10.Bf1 Re8 11.h3 Ng6 12.g3 Bf8 13.Bg2 Bd7 14.Bg5 h6 15.Be3 a6
16.f4 c5 17.Nb3 Bc6 18.Bf2 Qc7 19.a5 Rad8 20.Qd2 h5 21.Rad1 Qc8 22.Kh2 Qb8
23.Nc1 h4 24.g4 d5 25.e5 d4 26.Ne4 Nxe4 27.Bxe4 Nxe5 28.Bxc6 Nxc6 29.Bxh4 Bd6
30.Bxd8 Bxf4+ 31.Kg2 Bxd2 32.Rxe8+ Kh7 33.Rxd2 Nxd8 34.Rf2 Qc7 35.Ree2 Ne6
36.Nd3 c4 37.Ne5 f6 38.Rf5 fxe5 39.Rexe5 Qc6+ 40.Kg3 d3 41.cxd3 cxd3 42.Rd5 Qc7+
43.Kh4 g5+  0-1

[Event "ch-European Rapid 2013"]
[Site "Warsaw POL"]
[Date "2013.12.14"]
[Round "4.8"]
[White "Milliet,S"]
[Black "Jobava,Ba"]
[Result "0-1"]
[WhiteElo "2387"]
[BlackElo "2705"]

1.e4 d6 2.d4 Nf6 3.Nc3 e5 4.Nf3 Nbd7 5.Bc4 Be7 6.O-O c6 7.a4 O-O 8.Re1 a5
9.h3 h6 10.Ba2 Re8 11.Be3 Qc7 12.Qd2 Nf8 13.dxe5 dxe5 14.Bxh6 gxh6 15.Qxh6 N6h7
16.Re3 Qd6 17.Qh5 Qg6 18.Qxe5 Bxh3 19.Qh2 Be6 20.Ne5 Bd6 21.Rg3 Bxe5 22.Rxg6+ Nxg6
23.Qh5 Bxa2 24.Rxa2 Bxc3 25.bxc3 Nf6 26.Qf5 Nxe4 27.Rb2 Re5 28.Qd7 Nc5 29.Qd4 Rae8
30.g3 Rd5 31.Qg4 Re4 32.Qc8+ Kg7 33.Qc7 Rxa4 34.Kg2 Rc4 35.Rb1 a4 36.Rh1 Rxc3
37.Qc8 Rxc2 38.Qh3 Rdd2 39.Qh6+ Kf6 40.Rf1 a3 41.g4 Ne6 42.Kg3 a2 43.Qe3 Nef4
44.Qb3 Rd3+  0-1

[Event "ch-European Rapid 2013"]
[Site "Warsaw POL"]
[Date "2013.12.14"]
[Round "5.44"]
[White "Shkapenko,P"]
[Black "Leks,M"]
[Result "1/2-1/2"]
[WhiteElo "2406"]
[BlackElo "2076"]

1.e4 d6 2.d4 Nf6 3.Nc3 e5 4.dxe5 dxe5 5.Qxd8+ Kxd8 6.Bg5 Be6 7.O-O-O+ Nd7
8.f4 exf4 9.Nf3 h6 10.Bxf4 c6 11.a3 Ng4 12.Rd2 g5 13.Bg3 Bc5 14.Nd4 Ke7 15.h3 Nge5
16.Bf2 Bb6 17.Nf5+ Bxf5 18.exf5 Bxf2 19.Rxf2 Rhe8 20.g3 Nf6 21.Bg2 Kf8 22.b3 Rad8
23.Rd1 Rxd1+ 24.Kxd1 Ned7 25.Re2 Re5 26.Rxe5 Nxe5 27.Kd2 Ke7 28.Ke3 Ne8 29.Kd4 f6
30.g4 h5 31.gxh5 Ng7 32.Be4 Nxh5 33.Nd1 Nf4 34.Nf2 Kd6 35.Ke3 Nh5 36.Bg2 Ng3
37.Ne4+ Nxe4 38.Kxe4 Nd7 39.Bf1 Ne5 40.Be2  1/2-1/2

[Event "ch-European Rapid 2013"]
[Site "Warsaw POL"]
[Date "2013.12.14"]
[Round "5.10"]
[White "Kantans,T"]
[Black "Perunovic,Mil"]
[Result "0-1"]
[WhiteElo "2412"]
[BlackElo "2622"]

1.e4 d6 2.d4 Nf6 3.Nc3 e5 4.dxe5 dxe5 5.Qxd8+ Kxd8 6.Bg5 Bd6 7.O-O-O Nd7
8.Bc4 Ke8 9.f3 a6 10.Nge2 h6 11.Be3 b5 12.Bd5 Nxd5 13.Nxd5 f6 14.g4 Kf7 15.Ng3 Rd8
16.Nf5 Bb7 17.h4 Rac8 18.g5 h5 19.gxf6 Bxd5 20.Rhg1 g6 21.Nh6+ Kxf6 22.Bg5+ Kg7
23.Bxd8 Be6 24.Nf5+ Bxf5 25.Bxc7 Bxc7 26.exf5 Nf8 27.fxg6 Rd8 28.Rg5 Nxg6
29.Rxh5 Rxd1+ 30.Kxd1 Bd8 31.f4 exf4 32.a4 b4 33.c4 bxc3 34.bxc3 Bxh4 35.Ra5 f3
36.Rf5 f2 37.Ke2 Kh6 38.c4 Ne7 39.Rf7 Kg6 40.Rf8 Nf5 41.c5 a5 42.c6 Nd4+
43.Kf1 Nxc6 44.Ra8 Ne5 45.Ra6+ Kg7 46.Rxa5 Ng4 47.Ra7+ Kg6 48.Ra6+ Kf5 49.Ra5+ Ke4
50.Ke2 Nh2  0-1

[Event "ch-European Rapid 2013"]
[Site "Warsaw POL"]
[Date "2013.12.14"]
[Round "6.42"]
[White "Druska,J"]
[Black "Szymanski,P1"]
[Result "1-0"]
[WhiteElo "2370"]
[BlackElo "2243"]

1.e4 d6 2.d4 Nf6 3.Nc3 e5 4.Nf3 Nbd7 5.Bc4 Be7 6.O-O O-O 7.Re1 c6 8.a4 b6
9.b3 Bb7 10.Ba3 a6 11.Bd3 b5 12.axb5 axb5 13.Ne2 Re8 14.Ng3 Bf8 15.Qd2 g6
16.Bb2 Qc7 17.Bc3 exd4 18.Nxd4 Bg7 19.Nf3 Nc5 20.b4 Nxd3 21.cxd3 Rxa1 22.Rxa1 Ra8
23.e5 Rxa1+ 24.Bxa1 Nd5 25.exd6 Qxd6 26.Bxg7 Kxg7 27.Qg5 Kg8 28.Nf5 Qxb4
29.Nh6+ Kg7 30.Nf5+ Kg8 31.Nh6+ Kf8 32.g3 Qe7 33.Qd2 Qf6 34.Ng5 Qa1+ 35.Kg2 c5
36.Kh3 Qf1+ 37.Kh4 Qa1 38.Nhxf7 Qd4+ 39.f4 Ne7 40.Ne6+  1-0

[Event "ch-European Rapid 2013"]
[Site "Warsaw POL"]
[Date "2013.12.14"]
[Round "6.16"]
[White "Wieczorek,O"]
[Black "Jobava,Ba"]
[Result "0-1"]
[WhiteElo "2407"]
[BlackElo "2705"]

1.e4 d6 2.d4 Nf6 3.Nc3 e5 4.Nf3 Nbd7 5.g4 d5 6.exd5 e4 7.Ne5 Bb4 8.Bg5 h6
9.Bxf6 Nxf6 10.Bb5+ c6 11.dxc6 O-O 12.Qd2 e3 13.Qxe3 Bxc3+ 14.Qxc3 Qd5 15.O-O-O Qxb5
16.Rhg1 Ne4 17.Qe3 f6 18.c4 Qa6 19.Qxe4 fxe5 20.dxe5 Qxc6 21.Qxc6 bxc6 22.f4 Rxf4
23.Rd8+ Rf8 24.Rgd1 Bxg4  0-1

[Event "ch-European Rapid 2013"]
[Site "Warsaw POL"]
[Date "2013.12.14"]
[Round "7.25"]
[White "Lach,A"]
[Black "Pakleza,Z"]
[Result "0-1"]
[WhiteElo "2161"]
[BlackElo "2490"]

1.e4 d6 2.d4 Nf6 3.Nc3 c6 4.f4 Qb6 5.Nf3 Bg4 6.Be2 Bxf3 7.Bxf3 e5 8.fxe5 dxe5
9.dxe5 Nfd7 10.e6 fxe6 11.Qe2 Na6 12.Be3 Qxb2 13.Kd2 O-O-O 14.Bd4 Nb6 15.Qd3 Nb4  0-1

[Event "SportAccord Blitz Women 2013"]
[Site "Beijing CHN"]
[Date "2013.12.15"]
[Round "18.2"]
[White "Stefanova,A"]
[Black "Ju Wenjun"]
[Result "1/2-1/2"]
[WhiteElo "2486"]
[BlackElo "2514"]

1.d4 d6 2.e4 Nf6 3.Nc3 e5 4.Nf3 exd4 5.Nxd4 Be7 6.Be2 O-O 7.O-O Nc6 8.Be3 Re8
9.Qd2 Bf8 10.f3 Nxd4 11.Bxd4 a6 12.Rad1 Be6 13.a3 c6 14.f4 b5 15.Bf3 Rc8
16.Bf2 Bg4 17.Bh4 Bxf3 18.Bxf6 Qxf6 19.Rxf3 a5 20.Re1 b4 21.axb4 axb4 22.Nd1 d5
23.e5 Qh6 24.Nf2 Bc5 25.Kh1 Bxf2 26.Rxf2 Rb8 27.Qd4 b3 28.c3 Qh4 29.g3 Qg4
30.Kg2 h5 31.h3 Qf5 32.Qd1 Rb7 33.g4 hxg4 34.hxg4 Qg6 35.Kg3 Ra8 36.Rh2 Ra4
37.f5 Qg5 38.Rh5 Qf4+ 39.Kh3 Rba7 40.e6 fxe6 41.fxe6 Ra1 42.e7 Rxe7 43.Qxa1 Qf3+
44.Kh2 Qf2+ 45.Kh3 Qf3+ 46.Kh2 Qf2+ 47.Kh3 Qf3+ 48.Kh2 Qf2+  1/2-1/2

[Event "5th Classic Open 2013"]
[Site "London ENG"]
[Date "2013.12.15"]
[Round "9.7"]
[White "Brunello,S"]
[Black "Van Kampen,R"]
[Result "1/2-1/2"]
[WhiteElo "2603"]
[BlackElo "2601"]

1.d4 d6 2.e4 Nf6 3.Nc3 e5 4.Nf3 Nbd7 5.Bc4 Be7 6.O-O Nb6 7.Be2 exd4 8.Nxd4 O-O
9.a4 a5 10.Bf4 c6 11.Qd3 d5 12.e5 Ne8 13.Bg3 g6 14.f4 Ng7 15.Bf2 f6 16.exf6 Bxf6
17.Qd2 Bd7 18.Nb3 Qc7 19.Nc5 Rae8 20.Nxd7 Nxd7 21.Rae1 Bxc3 22.Qxc3 Rxf4
23.Bf3 Qd8 24.b3 Rff8 25.Rxe8 Rxe8 26.Be1 Qb6+ 27.Kh1 Qa6 28.Kg1 Qb6+ 29.Bf2 Qd8
30.Be1 Qb6+ 31.Bf2 Qd8 32.Be1  1/2-1/2

[Event "Pavlodar Open 2013"]
[Site "Pavlodar KAZ"]
[Date "2013.12.15"]
[Round "6.6"]
[White "Obolenskikh,D"]
[Black "Gnusarev,P"]
[Result "1-0"]
[WhiteElo "2495"]
[BlackElo "2369"]

1.e4 d6 2.d4 Nf6 3.Nc3 e5 4.Nf3 Nbd7 5.Bc4 Be7 6.O-O O-O 7.a4 c6 8.Qe2 Qc7
9.a5 exd4 10.Nxd4 Ne5 11.Ba2 Re8 12.Bf4 Bg4 13.f3 Bd7 14.Kh1 Ng6 15.Be3 b5
16.axb6 axb6 17.Qd2 b5 18.Bg1 h5 19.b4 h4 20.Bb3 Qb7 21.Rab1 h3 22.g3 Ne5
23.Be3 d5 24.Bg5 Bxb4 25.Bxf6 gxf6 26.Nde2 Rad8 27.exd5 c5 28.Qh6 Bf5 29.Nf4 Bg6
30.Nxg6 fxg6 31.Ne4 Qg7 32.Qf4 f5 33.Ng5 c4 34.Bxc4 bxc4 35.Rxb4 Rxd5 36.Nxh3 Red8
37.Kg2 Rd2+ 38.Rf2 c3 39.Rb3 Qc7 40.Rb5 R2d5 41.Rxd5 Rxd5 42.Re2 Qc5 43.Nf2 Kg7
44.h4 Nc4 45.Nd3 Qd4 46.Qg5 Rd7 47.Nf4 Ne5  1-0

[Event "ch-European Rapid 2013"]
[Site "Warsaw POL"]
[Date "2013.12.15"]
[Round "8.16"]
[White "Schoorl,R"]
[Black "Ivanisevic,I"]
[Result "0-1"]
[WhiteElo "2317"]
[BlackElo "2626"]

1.e4 d6 2.d4 Nf6 3.Nc3 e5 4.Nge2 Be7 5.f3 O-O 6.Be3 exd4 7.Nxd4 d5 8.e5 c5
9.exf6 Bxf6 10.Be2 Re8 11.Bf2 cxd4 12.Bxd4 Bxd4 13.Qxd4 Be6 14.O-O Nc6 15.Qf2 d4
16.Ne4 Qb6 17.Bd3 Nb4 18.a3 Nxd3 19.cxd3 f5 20.Ng3 Bd7 21.Rfe1 Re3 22.Nf1 Rxd3
23.Rad1 Bb5 24.Ng3 f4 25.Nh5 Rf8 26.Rxd3 Bxd3 27.Nxf4 Bc4 28.Ne2 Re8 29.Ng3 Rxe1+
30.Qxe1 d3+ 31.Kh1 Bf7 32.Qd2 Qd4 33.Ne4 Bg6 34.Nc3 h6 35.g3 Qc4 36.Kg2 b5
37.Kf2 a5 38.Nd1 b4 39.axb4 axb4 40.Ne3 Qd4 41.Kg2 Kf8 42.Nd1 Qc5 43.Ne3 Ke7
44.Qf2 Kd7 45.h4 Kc6 46.g4 Kb5 47.Qd2 Qd4 48.h5 Bh7 49.Nd1 Bg8 50.Nf2 Bc4
51.Nd1 Ka4 52.Ne3 Bb3 53.Nf5 Qc4 54.Ne3 Qd4 55.Nf5 Qd7 56.Kf2 Bc2 57.Ne3 Qd4
58.Kg2 Qxb2 59.Qf2 Qd4 60.Qd2 Qc3 61.Qf2 d2 62.Qe2 Bd3 63.Qd1+ b3 64.Nd5 Qc1  0-1

[Event "ch-European Rapid 2013"]
[Site "Warsaw POL"]
[Date "2013.12.15"]
[Round "8.33"]
[White "Sudakova,I"]
[Black "Plat,V"]
[Result "0-1"]
[WhiteElo "2356"]
[BlackElo "2470"]

1.e4 d6 2.d4 Nf6 3.Nc3 e5 4.Nf3 Nbd7 5.Bc4 Be7 6.O-O O-O 7.Re1 c6 8.a4 a5
9.b3 Qc7 10.Bb2 Nb6 11.Be2 Re8 12.h3 Bf8 13.Bd3 exd4 14.Nxd4 Nbd7 15.Qd2 Nc5
16.Rad1 Nxd3 17.Qxd3 Bd7 18.Nf5 Bxf5 19.exf5 d5 20.Ne2 Ne4 21.Ng3 Qf4 22.Qd4 f6
23.Nxe4 dxe4 24.Qc4+ Kh8 25.Rd4 Qxf5 26.Rdxe4 Rxe4 27.Qxe4 Qxe4 28.Rxe4 Rd8
29.Kf1 Kg8 30.Ke2 Kf7 31.Bc3 b6 32.Bd4 Rb8 33.Be3 Rb7 34.Rc4 c5 35.Rc3 Bd6
36.Rd3 Ke6 37.c4 h5 38.Rd5 g6 39.Kf3 g5 40.g4 hxg4+ 41.hxg4 Rh7 42.Rd1 Rh3+
43.Ke4 Rh4 44.Kf3 Be5 45.Re1 Rh8 46.Rd1 Rh3+ 47.Kg2 Rh4 48.Kf3 f5 49.gxf5+ Kxf5
50.Rd7 g4+ 51.Ke2 Rh2 52.Kd3 g3 53.fxg3 Rb2 54.Rf7+ Ke6 55.Rb7 Rxb3+ 56.Ke2 Kf5
57.Bd2 Ke4 58.Bxa5 Re3+ 59.Kd2 bxa5 60.Rb5 Bc3+ 61.Kc2 Bb4 62.g4 Rg3  0-1

[Event "ch-European Rapid 2013"]
[Site "Warsaw POL"]
[Date "2013.12.15"]
[Round "8.24"]
[White "Gdanski,J"]
[Black "Wiewiora,E"]
[Result "1-0"]
[WhiteElo "2506"]
[BlackElo "2232"]

1.e4 d6 2.d4 Nf6 3.Nc3 e5 4.Nf3 Nbd7 5.Bc4 Be7 6.O-O O-O 7.Re1 a6 8.a4 b6
9.b3 Bb7 10.Bb2 c6 11.Bd3 b5 12.Ne2 Qc7 13.Ng3 g6 14.c3 Rfe8 15.Qc2 Bf8 16.Rad1 Rac8
17.h3 Bg7 18.Qb1 Rcd8 19.Qa2 Bf8 20.b4 d5 21.dxe5 Nxe5 22.Nxe5 Qxe5 23.c4 d4
24.c5 Bc8 25.axb5 axb5 26.Ra1 h5 27.Qb3 h4 28.Ne2 Nh5 29.Bc1 Bg7 30.f4 Qe7
31.e5 Be6 32.Qc2 Qd7 33.Ra3 Ra8 34.Rxa8 Rxa8 35.Bb2 Bxh3 36.Nxd4 Nxf4 37.Be4 Bxe5
38.Nxc6 Bxb2 39.Qxb2 Re8 40.Qf2 Nxg2 41.Bxg2 Rxe1+ 42.Qxe1 Bxg2 43.Ne7+ Kf8
44.Nxg6+ fxg6 45.Qf2+ Kg7 46.Kxg2 Qg4+ 47.Kh2 Qxb4 48.Qe3 Kf6 49.Qc1 Qc4
50.Qa1+ Kf5 51.Qb1+ Ke5 52.Qxg6  1-0

[Event "ch-European Rapid 2013"]
[Site "Warsaw POL"]
[Date "2013.12.15"]
[Round "9.45"]
[White "Wiewiora,E"]
[Black "Pedzich,D"]
[Result "1/2-1/2"]
[WhiteElo "2232"]
[BlackElo "2384"]

1.e4 d6 2.d4 Nf6 3.Nc3 e5 4.Nf3 Nbd7 5.Bc4 Be7 6.dxe5 Nxe5 7.Nxe5 dxe5 8.Qxd8+ Bxd8
9.a4 c6 10.a5 Be7 11.f3 Nd7 12.Ke2 Nc5 13.Be3 Be6 14.Bxe6 Nxe6 15.Rhd1 Bc5
16.Bxc5 Nxc5 17.Na4 Ne6 18.c3 Rd8 19.Rxd8+ Kxd8 20.g3 Ke7 21.Rd1 h5 22.h4 f6
23.b4 g5 24.Rh1 Rg8 25.Kf2  1/2-1/2

[Event "ch-European Rapid 2013"]
[Site "Warsaw POL"]
[Date "2013.12.15"]
[Round "9.30"]
[White "Nasuta,G"]
[Black "Pakleza,Z"]
[Result "0-1"]
[WhiteElo "2331"]
[BlackElo "2490"]

1.e4 d6 2.d4 Nf6 3.Nc3 c6 4.f4 Qb6 5.a3 e5 6.Nf3 Nbd7 7.Bc4 Be7 8.O-O O-O
9.Kh1 Qc7 10.Qe2 b5 11.Ba2 exd4 12.Nxd4 Re8 13.Bd2 Bf8 14.Rae1 a5 15.Qf3 b4
16.Nd1 Ba6 17.Rg1 d5 18.e5 Ne4 19.Rxe4 dxe4 20.Qxe4 Nf6 21.Qf3 c5 22.Nf5 Bb7
23.Nh6+ gxh6 24.Qg3+ Kh8 25.exf6 Ra6 26.Qh4 Re2 27.Bc1 Qd8 28.Bxf7 Rxg2  0-1

[Event "ch-European Rapid 2013"]
[Site "Warsaw POL"]
[Date "2013.12.15"]
[Round "9.17"]
[White "Przybylski,W"]
[Black "Perunovic,Mil"]
[Result "1-0"]
[WhiteElo "2342"]
[BlackElo "2622"]

1.e4 d6 2.d4 Nf6 3.Nc3 e5 4.Nf3 Nbd7 5.Bc4 Be7 6.O-O O-O 7.Re1 c6 8.a4 exd4
9.Nxd4 Ne5 10.Bf1 Re8 11.a5 Bf8 12.Bg5 Bd7 13.h3 Ng6 14.Qf3 Re5 15.Nf5 d5
16.Nh6+ gxh6 17.Bxf6 Be7 18.Bxe5 Nxe5 19.Qg3+ Ng6 20.exd5 Bh4 21.Qf3 Qf8
22.a6 cxd5 23.axb7 Rb8 24.Nxd5 Be6 25.Rxa7  1-0

[Event "ch-European Rapid 2013"]
[Site "Warsaw POL"]
[Date "2013.12.15"]
[Round "10.27"]
[White "Akhayan,R"]
[Black "Plat,V"]
[Result "0-1"]
[WhiteElo "2245"]
[BlackElo "2470"]

1.e4 d6 2.d4 Nf6 3.Nc3 e5 4.Nf3 Nbd7 5.g4 exd4 6.Nxd4 Nc5 7.f3 Nxg4 8.fxg4 Qh4+
9.Kd2 Qf2+ 10.Nde2 Bxg4 11.Qe1 Qxe1+ 12.Kxe1 Bf3 13.Rg1 Nxe4 14.Bg2 Bxg2
15.Rxg2 Nxc3 16.Nxc3 O-O-O 17.Bd2 g6 18.Bg5 Re8+ 19.Re2 Bg7 20.Kd2 Rxe2+
21.Kxe2 Re8+ 22.Kd2 Re5 23.Bf4 Rf5 24.Bg3 Be5 25.Re1 Kd7 26.b3 h5 27.Ne4 b6
28.Bxe5 dxe5 29.Ke3 Rf4 30.Rd1+ Ke7 31.Nc3 c6 32.Ne4 Rh4 33.Rd2 Rh3+ 34.Kf2 Rxh2+
35.Kg3 Rxd2 36.Nxd2 f6 37.a4 Ke6 38.a5 bxa5 39.Nc4 g5 40.Nxa5 Kd5 41.b4 a6
42.Nb7 Kc4 43.Nc5 Kxb4 44.Nxa6+ Kc3 45.Nc5 f5 46.Na6 e4 47.Nb8 e3  0-1

[Event "ch-European Rapid 2013"]
[Site "Warsaw POL"]
[Date "2013.12.15"]
[Round "10.43"]
[White "Fargere,Fr"]
[Black "Wiewiora,E"]
[Result "1/2-1/2"]
[WhiteElo "2446"]
[BlackElo "2232"]

1.e4 d6 2.d4 Nf6 3.Nc3 e5 4.Nf3 Nbd7 5.Bc4 Be7 6.O-O O-O 7.Re1 a6 8.a4 b6
9.h3 Bb7 10.Ba2 exd4 11.Nxd4 Nc5 12.Nf5 Re8 13.Bg5 Bf8 14.Bd5 Bxd5 15.Nxd5 Ncxe4
16.Rxe4 Rxe4 17.Nh6+ gxh6 18.Bxf6 Be7 19.Nxe7+ Rxe7 20.Qg4+ Kf8 21.Qg7+ Ke8
22.Ra3 Kd7 23.Qg4+ Ke8 24.Kh2 d5 25.Re3 Qd6+ 26.Rg3 Re6 27.Bh4 Rg6 28.Qd4 Kd7
29.Kg1 Rxg3 30.Bxg3 Qe6 31.c4 c5 32.Qf4 d4 33.Kh2 Rc8 34.Qf3 Rc6 35.Qf4 Rc8
36.Qf3 Ke8 37.Qd3 f5 38.Qf3 Kf7 39.Qb7+ Kg6 40.Bf4 Re8 41.h4 h5 42.Qf3 h6
43.Qb7 a5 44.b3 Qf6 45.g3 Re6 46.Qc8 Kh7 47.Kg2 Qe7 48.Qb8 Kg7 49.Qc8 Kh7
50.Qb8 Kg7 51.Qc8 Kh7 52.Qb8 Kg7 53.Qc8 Re2  1/2-1/2

[Event "ch-European Rapid 2013"]
[Site "Warsaw POL"]
[Date "2013.12.15"]
[Round "10.25"]
[White "Gajek,R"]
[Black "Ivanisevic,I"]
[Result "0-1"]
[WhiteElo "2252"]
[BlackElo "2626"]

1.e4 d6 2.d4 Nf6 3.Nc3 e5 4.Nf3 Nbd7 5.Bc4 exd4 6.Nxd4 g6 7.O-O Bg7 8.Bg5 h6
9.Bh4 O-O 10.f4 c6 11.Kh1 Qc7 12.f5 b5 13.Bb3 g5 14.Bg3 Ne5 15.a3 Bb7 16.Nf3 Rad8
17.Qe2 Nxf3 18.Qxf3 Rfe8 19.Rad1 a5 20.Rxd6 Rxd6 21.e5 c5 22.exd6 Qd7 23.Bd5 g4
24.Qd1 b4 25.axb4 axb4 26.Bxb7 bxc3 27.Ba6 cxb2 28.c4 Ra8 29.Bb5 Qd8 30.Qc2 Ra1
31.Rb1 Nh5 32.d7 Nxg3+ 33.hxg3 Qg5 34.Bc6 Bd4 35.d8=Q+ Qxd8  0-1